Cricket: English County Championship Winners - Statistics

General Stats
  • This quiz has been taken 344 times
  • The average score is 7 of 9
Answer Stats
# county % Correct
18 Surrey
94%
32 Yorkshire
94%
8 Lancashire
88%
7 Essex
86%
11 Middlesex
86%
6 Kent
80%
7 Warwickshire
75%
6 Nottinghamshire
73%
5 Worcestershire
57%
No matching quizzes found
Score Distribution
Percent of People with Each Score
Percentile by Number Answered
Your Score History
You have not taken this quiz